| 000 | 00739nam a2200253Ia 4500 | ||
|---|---|---|---|
| 003 | OSt | ||
| 005 | 20221006160805.0 | ||
| 006 | a|||||r|||| 00| 0 | ||
| 007 | ta | ||
| 008 | 221006b |||||||| |||| 00| 0 eng d | ||
| 020 |
_a9781138791039 _cf132.00 |
||
| 024 | _a46,377 | ||
| 037 | _cTextual | ||
| 040 |
_aEASL _cEASL _beng |
||
| 041 |
_2eng _aeng |
||
| 082 | _aNW410j42, Q5 | ||
| 100 |
_aTAM King-Fai and others Ed. _9675075 |
||
| 245 | 0 | _aChinese and Japanese films on the second World War | |
| 260 |
_aLondon _bRoutledge _c2015 |
||
| 300 |
_a185p. _ccm. |
||
| 490 | _aMedia couture and social change in Asia | ||
| 942 |
_hNW410j42, Q5 _cTEXL _2CC |
||
| 999 |
_c1114467 _d1114467 |
||